000
00286nam a2200109Ia 4500
008
241014s9999||||xx |||||||||||||| ||und||
020
_a
0-19-914065-0
100
_a
Beckett, B. S
245
0
_a
ILLustrated Human and Social Biology
260
_b
Oxford university press
942
_b
SPH
_c
BK
999
_c
19111
_d
19111